[Event "NOR-chT Eliteserien 2018-19"]
[Site "Norway"]
[Date "2019.01.11"]
[Round "4"]
[White "Vestby-Ellingsen, Mads"]
[Black "Hansen, Torbjorn Ringdal"]
[Result "1/2-1/2"]
[WhiteElo "2358"]
[BlackElo "2420"]
[Annotator "TA"]
[PlyCount "148"]
[EventDate "2018.11.02"]
[EventType "team-tourn"]
[EventCountry "NOR"]
[SourceTitle "playchess.com"]
[Source "ChessBase"]
[SourceQuality "1"]

{[%evp 21,148,1,11,7,19,25,19,4,4,7,30,37,40,2,0,-25,-29,-46,0,-30,-25,-37,-31,-40,-44,-23,-4,-14,0,0,0,-23,-12,-10,0,-43,-19,-77,-16,-89,-78,-75,-71,-79,-8,-25,-19,-4,0,0,0,-8,0,0,0,0,0,-2,0,0,0,0,39,16,29,7,8,8,17,0,0,0,0,0,0,0,0,0,0,0,0,0,0,0,0,-180,-8,-8,-8,-8,-8,-8,-6,-6,0,-8,-8,-15,0,0,0,0,0,0,0,0,0,0,0,0,0,0,0,0,0,0,0,0,0,0,0,0,0,0,0,0,0,0,0]} 1. e4 e5 2. Nf3 Nc6 3. Bb5 a6 4. Ba4 Nf6 5. O-O Bc5 6. d3 b5 7. Bb3 d6 8. c3 h6 9. h3 {C78: Ruy Lopez: Archangelsk and Möller Defences} (9. Re1 O-O 10. Nbd2 Ne7 11. a4 b4 12. d4 bxc3 13. bxc3 exd4 14. cxd4 Bb4 15. Re3 Ng6 16. h3 a5 {0-1 (65) Zhigalko,S (2638)-Giri,A (2762) Heraklio 2017}) 9... O-O 10. Re1 Be6 11. Nbd2 Bb6 {LiveBook: 3 Games} 12. Nf1 Ne7 13. Bxe6 $146 ({Predecessor:} 13. d4 Bxb3 14. Qxb3 exd4 15. cxd4 c5 {1-0 (42) Morozov,E (2179)-Muhammad,L (2342) Golden Sands 2014}) 13... fxe6 14. d4 exd4 15. cxd4 Qd7 16. Ng3 c5 17. Be3 c4 18. e5 Nfd5 19. exd6 Nxe3 20. fxe3 Qxd6 21. Ne5 Bc7 22. Qg4 Qd5 23. Nf3 Rf6 24. e4 Qd7 25. e5 Rf7 26. Rad1 Nd5 27. Ne4 Ba5 28. Nc5 Qe7 29. Re4 (29. Re2 $11) 29... c3 (29... Re8 $17 30. Re2 c3) 30. Nxe6 (30. bxc3 $1 $11 Nxc3 31. Rc1) 30... cxb2 {...Nc3 is the strong threat.} 31. Rb1 Bc3 {White must now prevent ...Re8.} 32. Qg6 {[#]} Qd7 {[#]} ({Black should try} 32... Qe8 $1 $17 {Black wants to play ...Qc6.} 33. Nc5 Rf4 34. Qxe8+ Rxe8) 33. Neg5 $1 $11 {[%mdl 512]} Qf5 ({But not} 33... hxg5 34. e6 $14) 34. Qxf7+ Qxf7 35. Nxf7 Kxf7 36. Re2 Ke6 37. Rexb2 Bxb2 38. Rxb2 {[%mdl 4096] Endgame KRN-KRN} Rc8 39. Nd2 Ne3 40. Nb3 Kd5 41. Re2 Nf5 42. e6 {[%cal Be5e6,Be6e7][%mdl 32] Strongly threatening Re5+.} Kd6 43. g4 Ne7 44. Nc5 Nc6 45. e7 Re8 $1 46. Nxa6 Nxd4 47. Re4 Nc6 48. a4 bxa4 49. Rxa4 Rxe7 50. Ra1 Re2 51. Rd1+ Ke5 52. Nc5 Kf4 53. Nb3 $2 {[#]} (53. Kf1 $11 {and White is okay.} Rh2 54. Ne6+ Ke5 55. Re1+ Kf6 56. Re3) 53... Ne5 $2 (53... Re3 $1 $19 {[%cal Re3b3]} 54. Nd4 Nxd4 55. Rxd4+ Kg3) 54. Nd4 {The position is equal.} Ra2 55. Re1 Rd2 56. Ne2+ $1 Kg5 57. Nd4 Kf4 58. Ne2+ Kf3 59. Nc3 Ng6 60. Rf1+ Ke3 61. Re1+ Kd3 62. Nd1 Nh4 63. Nf2+ Kd4 {aiming for ...Nf3+.} 64. Re8 Ra2 65. Re4+ Kd5 66. Re7 g5 67. Re8 Rc2 68. Re7 Kd6 69. Re8 Ra2 70. Re4 Ra3 71. Re8 Kd7 72. Re4 Ra1+ 73. Kh2 Rf1 74. Re2 Ra1 {Precision: White = 67%, Black = 53%.} 1/2-1/2

[Event "NOR-chT Eliteserien 2018-19"]
[Site "Norway"]
[Date "2019.01.11"]
[Round "4"]
[White "Mikalsen, Erlend"]
[Black "Salomon, Johan"]
[Result "1/2-1/2"]
[WhiteElo "2357"]
[BlackElo "2494"]
[Annotator "TA"]
[PlyCount "52"]
[EventDate "2018.11.02"]
[EventType "team-tourn"]
[EventCountry "NOR"]
[SourceTitle "playchess.com"]
[Source "ChessBase"]
[SourceQuality "1"]

{[%evp 12,52,0,-9,-8,-8,0,0,0,0,27,4,18,-27,0,0,0,-31,10,-39,-30,-37,-14,-28,-7,-12,-18,-23,-22,-18,-15,-23,0,0,0,0,40,0,0,0,0,-8,0]} 1. e4 e5 2. Nc3 Nf6 3. Bc4 Bc5 4. d3 c6 5. Nf3 d6 6. O-O O-O {C27: Vienna Game: 2...Nf6 3 Bc4 Nxe4} (6... a5 7. a3 O-O 8. h3 a4 9. Ba2 Be6 10. b4 axb3 11. cxb3 Re8 12. b4 Bxa2 13. Rxa2 Ba7 14. Re1 {½-½ (27) Rydholm,L (2524)-Schoen,A (2490) ICCF email 2015}) 7. Bb3 {LiveBook: 5 Games} a5 8. a4 Nbd7 $146 {[%cal Bb8d7,Bd7c5,Bc5e6,Be6f4][%mdl 32]} ({Predecessor:} 8... Re8 9. h3 Nbd7 10. Ne2 h6 11. Ng3 d5 12. c3 Bd6 13. Bc2 {½-½ (29) Cook,D (2295)-Schuller,J (2420) ICCF email 2016}) 9. Ne2 Bb6 10. c3 d5 11. Ng3 Re8 12. Qe2 Nc5 13. Bc2 Bc7 14. h3 Ne6 15. Nh2 Nf4 16. Qf3 Be6 17. Re1 Qd7 (17... Qe7 {is interesting.} 18. Ne2 Nxe2+ 19. Qxe2 h6 20. Nf3 Nd7) 18. Bxf4 exf4 19. Nh5 Nxh5 20. Qxh5 dxe4 21. dxe4 Rad8 22. e5 {[#] Hoping for Rad1.} g6 23. Qh4 h5 24. Nf3 (24. Rad1 $5 {[%cal Rd1d7]} Qe7 25. Rxd8 Bxd8 26. Qxf4 $14) 24... Bd5 {The position is equal.} 25. Qxf4 Bxf3 26. Qxf3 Rxe5 {Accuracy: White = 55%, Black = 45%.} 1/2-1/2

[Event "NOR-chT Eliteserien 2018-19"]
[Site "Norway"]
[Date "2019.01.11"]
[Round "4"]
[White "Gullaksen, Eirik"]
[Black "Soderstrom, Adrian"]
[Result "0-1"]
[WhiteElo "2341"]
[BlackElo "2118"]
[Annotator "ChessBase"]
[PlyCount "104"]
[EventDate "2018.11.02"]
[EventType "team-tourn"]
[EventCountry "NOR"]
[SourceTitle "playchess.com"]
[Source "ChessBase"]
[SourceQuality "1"]
[TimeControl "40/5400+30:1800+30"]

1. e4 {[%emt 0:00:00]} e5 {[%emt 0:00:00]} 2. Nf3 {[%emt 0:00:00]} Nc6 {[%emt 0:00:00]} 3. Bb5 {[%emt 0:00:01]} a6 {[%emt 0:00:02]} 4. Ba4 {[%emt 0:00:16]} Nf6 {[%emt 0:00:06]} 5. O-O {[%emt 0:00:18]} b5 {[%emt 0:06:31]} 6. Bb3 {[%emt 0:00:47]} Nxe4 {[%emt 0:06:55]} 7. d4 {[%emt 0:10:05]} d5 {[%emt 0:00:13]} 8. dxe5 {[%emt 0:00:22]} Be6 {[%emt 0:00:06]} 9. Be3 {[%emt 0:01:31]} Be7 {[%emt 0:17:52]} 10. Nbd2 {[%emt 0:13:52]} Nc5 {[%emt 0:05:43]} 11. Qe2 {[%emt 0:21:10]} d4 {[%emt 0:14:43]} 12. Bf4 {[%emt 0:01:23]} Bf5 {[%emt 0:05:00]} 13. Ne1 {[%emt 0:04:29]} d3 {[%emt 0:12:03]} 14. cxd3 {[%emt 0:00:21]} Nxd3 {[%emt 0:02:56]} 15. Nxd3 {[%emt 0:02:03]} Nd4 {[%emt 0:05:50]} 16. Qe3 {[%emt 0:04:41]} Nxb3 {[%emt 0:00:30]} 17. Nxb3 {[%emt 0:00:46]} Qxd3 {[%emt 0:00:20]} 18. Qxd3 {[%emt 0:04:42]} Bxd3 {[%emt 0:00:03]} 19. Rfc1 {[%emt 0:00:31]} Rc8 {[%emt 0:05:19]} 20. Nc5 {[%emt 0:01:30]} Bxc5 {[%emt 0:02:27]} 21. Rxc5 {[%emt 0:00:11]} O-O {[%emt 0:01:23]} 22. Rac1 {[%emt 0:01:40]} Rfd8 {[%emt 0:01:56]} 23. Rxc7 {[%emt 0:07:29]} Rxc7 {[%emt 0:00:11]} 24. Rxc7 {[%emt 0:00:06]} Bc4 {[%emt 0:01:19]} 25. h3 {[%emt 0:00:27]} Bxa2 {[%emt 0:00:49]} 26. Ra7 {[%emt 0:00:25]} h6 {[%emt 0:00:40]} 27. Rxa6 {[%emt 0:00:08]} Bc4 {[%emt 0:00:25]} 28. Kh2 {[%emt 0:04:07]} Rd1 {[%emt 0:02:03]} 29. Be3 {[%emt 0:00:44]} Kh7 {[%emt 0:01:42]} 30. Kg3 {[%emt 0:01:38]} Rg1 {[%emt 0:01:31]} 31. f3 {[%emt 0:05:21]} Rb1 32. Bd4 {[%emt 0:00:35]} Rd1 {[%emt 0:01:11]} 33. Bc3 {[%emt 0:01:41]} b4 {[%emt 0:05:08]} 34. Rc6 {[%emt 0:03:58]} bxc3 {[%emt 0:00:00]} 35. bxc3 {[%emt 0:00:06]} Be6 {[%emt 0:00:00]} 36. h4 {[%emt 0:00:37]} g5 {[%emt 0:00:00]} 37. hxg5 {[%emt 0:04:33]} hxg5 {[%emt 0:00:00]} 38. Kf2 {[%emt 0:04:21]} Rd2+ {[%emt 0:00:00]} 39. Kf1 {[%emt 0:01:09]} Rc2 {[%emt 0:00:00]} 40. Rc5 {[%emt 0:00:40]} Kg6 {[%emt 0:00:35]} 41. g4 {[%emt 0:30:15]} Kg7 {[%emt 0:30:09]} 42. Ke1 {[%emt 0:00:25]} Kf8 {[%emt 0:00:29]} 43. Kf1 {[%emt 0:00:20]} Ke7 {[%emt 0:03:11]} 44. Ke1 {[%emt 0:00:36]} Kd7 {[%emt 0:00:18]} 45. Kf1 {[%emt 0:01:31]} Rd2 {[%emt 0:00:14]} 46. c4 {[%emt 0:00:00]} Rc2 {[%emt 0:00:00]} 47. Ra5 {[%emt 0:00:00]} Bxc4+ {[%emt 0:00:00]} 48. Kg1 {[%emt 0:00:00]} Ke6 {[%emt 0:00:00]} 49. Rc5 {[%emt 0:00:00]} Bb3 {[%emt 0:00:00]} 50. Ra5 {[%emt 0:00:00]} Bd5 {[%emt 0:00:00]} 51. Ra3 {[%emt 0:00:00]} Kxe5 {[%emt 0:00:00]} 52. Ra5 {[%emt 0:00:00]} Rd2 {[%emt 0:00:00]} 0-1

[Event "NOR-chT Eliteserien 2018-19"]
[Site "Norway"]
[Date "2019.01.11"]
[Round "4"]
[White "Tryggestad, Andreas Garberg"]
[Black "Nielsen, Andre"]
[Result "1-0"]
[WhiteElo "2333"]
[BlackElo "2211"]
[Annotator "ChessBase"]
[PlyCount "91"]
[EventDate "2018.11.02"]
[EventType "team-tourn"]
[EventCountry "NOR"]
[SourceTitle "playchess.com"]
[Source "ChessBase"]
[SourceQuality "1"]
[TimeControl "40/5400+30:1800+30"]

1. d4 {[%emt 0:00:00]} Nf6 {[%emt 0:00:00]} 2. c4 {[%emt 0:00:00]} e6 {[%emt 0:00:00]} 3. Nf3 {[%emt 0:00:00]} b6 {[%emt 0:00:19]} 4. g3 {[%emt 0:00:00]} Ba6 {[%emt 0:00:32]} 5. b3 {[%emt 0:00:00]} Bb4+ {[%emt 0:00:56]} 6. Bd2 {[%emt 0:00:07]} Be7 {[%emt 0:00:07]} 7. Bg2 {[%emt 0:00:14]} c6 {[%emt 0:01:56]} 8. Bc3 {[%emt 0:00:35]} d5 {[%emt 0:01:25]} 9. Nbd2 {[%emt 0:00:05]} Nbd7 {[%emt 0:03:24]} 10. O-O {[%emt 0:00:09]} O-O {[%emt 0:00:48]} 11. Re1 {[%emt 0:00:48]} Rc8 {[%emt 0:11:55]} 12. e4 {[%emt 0:09:35]} dxe4 {[%emt 0:01:13]} 13. Nxe4 {[%emt 0:01:19]} Nxe4 {[%emt 0:02:24]} 14. Rxe4 {[%emt 0:00:01]} Bb7 {[%emt 0:17:33]} 15. Re2 {[%emt 0:00:14]} Qc7 {[%emt 0:03:19]} 16. Qc2 {[%emt 0:03:56]} Rfd8 {[%emt 0:02:14]} 17. Bd2 {[%emt 0:02:46]} Nf6 {[%emt 0:03:04]} 18. Bf4 {[%emt 0:01:53]} Bd6 {[%emt 0:01:47]} 19. Be5 {[%emt 0:06:41]} Nd7 {[%emt 0:06:26]} 20. Ng5 {[%emt 0:00:19]} g6 {[%emt 0:02:29]} 21. Bxd6 {[%emt 0:19:00]} Qxd6 {[%emt 0:00:08]} 22. Ne4 {[%emt 0:00:06]} Qe7 {[%emt 0:03:49]} 23. Qd2 {[%emt 0:15:17]} Nc5 {[%emt 0:14:27]} 24. Nc3 {[%emt 0:21:25]} Qf6 {[%emt 0:02:01]} 25. Rd1 {[%emt 0:00:54]} Rc7 {[%emt 0:06:38]} 26. b4 {[%emt 0:07:24]} Nd7 {[%emt 0:02:50]} 27. Ne4 {[%emt 0:00:02]} Qe7 {[%emt 0:02:10]} 28. Qf4 {[%emt 0:00:17]} Nf8 {[%emt 0:00:58]} 29. Nf6+ {[%emt 0:03:44]} Kg7 {[%emt 0:06:29]} 30. Qe5 {[%emt 0:00:01]} Qxf6 {[%emt 0:01:14]} 31. Qxc7 {[%emt 0:00:01]} Ba6 {[%emt 0:01:02]} 32. b5 {[%emt 0:00:41]} Rd7 {[%emt 0:00:48]} 33. Qe5 {[%emt 0:06:12]} cxb5 {[%emt 0:00:37]} 34. cxb5 {[%emt 0:00:04]} Qxe5 {[%emt 0:00:49]} 35. Rxe5 {[%emt 0:00:01]} f6 {[%emt 0:00:52]} 36. Bc6 {[%emt 0:00:01]} fxe5 {[%emt 0:00:37]} 37. Bxd7 {[%emt 0:00:01]} Nxd7 {[%emt 0:00:23]} 38. bxa6 {[%emt 0:00:01]} exd4 {[%emt 0:00:37]} 39. Rxd4 Nc5 {[%emt 0:00:10]} 40. Rd8 {[%emt 0:00:10]} Nxa6 {[%emt 0:00:37]} 41. Rd7+ {[%emt 0:30:31]} Kg8 {[%emt 0:01:11]} 42. Rxa7 {[%emt 0:00:00]} Nb4 {[%emt 0:00:08]} 43. Kg2 {[%emt 0:00:00]} Nd5 {[%emt 0:01:51]} 44. Kf3 {[%emt 0:00:00]} h6 {[%emt 0:00:44]} 45. Ke4 {[%emt 0:00:00]} Nb4 {[%emt 0:03:36]} 46. a3 {[%emt 0:00:00]} 1-0

[Event "NOR-chT Eliteserien 2018-19"]
[Site "Norway"]
[Date "2019.01.11"]
[Round "4"]
[White "Klukin, Kirill"]
[Black "Haug, Johannes"]
[Result "0-1"]
[WhiteElo "2326"]
[BlackElo "2402"]
[Annotator "ChessBase"]
[PlyCount "74"]
[EventDate "2018.11.02"]
[EventType "team-tourn"]
[EventCountry "NOR"]
[SourceTitle "playchess.com"]
[Source "ChessBase"]
[SourceQuality "1"]
[TimeControl "40/5400+30:1800+30"]

1. d4 {[%emt 0:00:00]} Nf6 {[%emt 0:00:00]} 2. Nf3 {[%emt 0:00:00]} e6 {[%emt 0:00:00]} 3. g3 {[%emt 0:00:00]} d5 {[%emt 0:00:00]} 4. Bg2 {[%emt 0:00:09]} b5 {[%emt 0:03:41]} 5. O-O {[%emt 0:02:28]} Nbd7 {[%emt 0:02:46]} 6. c3 {[%emt 0:00:11]} Bb7 {[%emt 0:03:37]} 7. Bg5 {[%emt 0:07:02]} Be7 {[%emt 0:10:33]} 8. a4 {[%emt 0:15:03]} b4 {[%emt 0:03:52]} 9. a5 {[%emt 0:04:34]} bxc3 {[%emt 0:03:42]} 10. bxc3 {[%emt 0:04:07]} Ba6 {[%emt 0:01:48]} 11. Re1 {[%emt 0:07:56]} O-O {[%emt 0:02:48]} 12. Nbd2 {[%emt 0:05:04]} c5 {[%emt 0:07:46]} 13. Qa4 {[%emt 0:03:44]} Rc8 {[%emt 0:12:37]} 14. e3 {[%emt 0:03:10]} h6 {[%emt 0:08:18]} 15. Bxf6 {[%emt 0:00:42]} Bxf6 {[%emt 0:00:02]} 16. Bf1 {[%emt 0:00:45]} Bxf1 {[%emt 0:00:05]} 17. Kxf1 {[%emt 0:00:38]} Qc7 {[%emt 0:02:24]} 18. Reb1 {[%emt 0:12:13]} Rb8 {[%emt 0:03:11]} 19. a6 {[%emt 0:08:08]} Rb6 {[%emt 0:07:42]} 20. Rxb6 {[%emt 0:02:37]} Nxb6 {[%emt 0:00:08]} 21. Qa5 {[%emt 0:02:52]} Rc8 {[%emt 0:02:35]} 22. Rb1 {[%emt 0:08:15]} g6 {[%emt 0:06:18]} 23. Kg2 {[%emt 0:02:42]} Kg7 {[%emt 0:01:36]} 24. h4 {[%emt 0:02:22]} Qc6 {[%emt 0:01:46]} 25. Qb5 {[%emt 0:04:35]} Na4 {[%emt 0:03:21]} 26. Qb7 {[%emt 0:02:01]} Nxc3 {[%emt 0:05:16]} 27. Rc1 {[%emt 0:00:42]} Na4 {[%emt 0:00:07]} 28. dxc5 {[%emt 0:01:01]} Rc7 {[%emt 0:01:58]} 29. Qb8 {[%emt 0:00:02]} Nxc5 {[%emt 0:01:25]} 30. Nd4 {[%emt 0:01:01]} Qd7 {[%emt 0:00:50]} 31. Nb5 {[%emt 0:00:50]} Rc8 {[%emt 0:01:22]} 32. Qxa7 {[%emt 0:00:12]} Qxb5 {[%emt 0:00:06]} 33. Nb3 {[%emt 0:00:25]} Qxb3 {[%emt 0:01:24]} 34. Rxc5 {[%emt 0:00:01]} Qb8 {[%emt 0:00:30]} 35. Qb7 {[%emt 0:00:36]} Qxb7 {[%emt 0:00:52]} 36. axb7 {[%emt 0:00:01]} Rb8 {[%emt 0:00:01]} 37. Rc7 {[%emt 0:00:05]} Be5 {[%emt 0:00:18]} 0-1

[Event "NOR-chT Eliteserien 2018-19"]
[Site "Norway"]
[Date "2019.01.11"]
[Round "4"]
[White "Ranaldi, Lucas"]
[Black "Lund, Gunnar"]
[Result "0-1"]
[WhiteElo "2305"]
[BlackElo "2228"]
[Annotator "NA"]
[PlyCount "80"]
[EventDate "2018.11.02"]
[EventType "team-tourn"]
[EventCountry "NOR"]
[SourceTitle "playchess.com"]
[Source "ChessBase"]
[SourceQuality "1"]
[TimeControl "40/5400+30:1800+30"]

1. c4 {[%emt 0:00:00]} Nf6 {[%emt 0:00:00]} 2. Nc3 {[%emt 0:00:00]} d6 {[%emt 0:01:23]} 3. g3 {[%emt 0:00:12]} g6 {[%emt 0:00:44]} 4. Bg2 {[%emt 0:00:09]} Bg7 {[%emt 0:00:25]} 5. Nf3 {[%emt 0:01:02]} O-O {[%emt 0:01:28]} 6. O-O {[%emt 0:00:15]} Nc6 {[%emt 0:04:24]} 7. d4 {[%emt 0:00:09]} e5 {[%emt 0:00:35]} 8. d5 {[%emt 0:01:51]} Ne7 {[%emt 0:02:21]} 9. e4 {[%emt 0:00:24]} Nd7 {[%emt 0:12:19]} 10. Ne1 {[%emt 0:01:06]} f5 {[%emt 0:04:38]} 11. Nd3 {[%emt 0:00:07]} b6 {[%emt 0:07:57] E62: King's Indian: Fianchetto: 6...c6 and Panno Variation (6...Nc6) without ...a6} (11... Nf6 12. Bg5 h6 13. Bxf6 Bxf6 14. f4 exf4 15. Nxf4 Be5 16. Kh1 Bxf4 17. Rxf4 g5 18. Rf2 Ng6 19. exf5 Bxf5 20. Qd4 {½-½ (56) Marin,M (2539)-Aryan,C (2529) Baile Govora 2017}) 12. f3 {[%emt 0:13:35]} a5 {[%emt 0:08:12]} 13. Be3 {[%emt 0:13:06]} Ba6 {[%emt 0:12:33]} 14. b3 {[%emt 0:01:45]} Nc5 $146 {[%emt 0:02:03]} ({Predecessor:} 14... f4 15. Bd2 Bc8 16. Bh3 h5 17. Qe2 Nc5 18. Nf2 {½-½ (30) Webb,S (2391)-Hoi,C (2375) Sweden 2005}) 15. a3 {[%emt 0:11:12]} a4 {[%emt 0:10:31]} 16. Nxc5 {[%emt 0:03:53]} bxc5 {[%emt 0:02:24]} 17. Nxa4 {[%emt 0:00:14]} f4 {[%emt 0:02:58]} 18. Bf2 {[%emt 0:02:16]} Qd7 {[%emt 0:00:45]} 19. Qc2 {[%emt 0:08:07]} h5 {[%emt 0:01:20]} 20. b4 {[%emt 0:07:24]} Bc8 {[%emt 0:04:36]} 21. Nc3 {[%emt 0:01:25]} cxb4 {[%emt 0:00:30]} 22. axb4 {[%emt 0:00:05]} Rxa1 {[%emt 0:00:35]} 23. Rxa1 {[%emt 0:00:01]} g5 {[%emt 0:00:36]} 24. Ra7 {[%emt 0:09:14]} g4 {[%emt 0:00:41]} 25. fxg4 {[%emt 0:12:26]} Qxg4 {[%emt 0:01:47]} (25... h4 {was called for.} 26. Qe2 hxg3) 26. Rxc7 {[%emt 0:01:03]} Ng6 {[%emt 0:00:50]} 27. Qe2 {[%emt 0:09:18]} (27. Qd3 $18) 27... Qg5 {[%emt 0:00:11] [#]} 28. h4 {[%emt 0:00:51]} (28. Nb5 $1 $18 {[%cal Rb5d6] has better winning chances.} f3 29. Bxf3) 28... Qd8 {[%emt 0:01:28]} 29. Bb6 {[%emt 0:01:25]} Qf6 $2 {[%emt 0:00:00]} (29... Bg4 $11 {and Black stays safe.} 30. Bf3 Bxf3 31. Qxf3 fxg3 32. Qxg3 Qf6) 30. Rxc8 {[%emt 0:00:49]} Rxc8 {[%emt 0:00:33]} 31. Bh3 {[%emt 0:00:02]} Ra8 {[%emt 0:01:50]} 32. Be6+ {[%emt 0:00:14]} Kf8 {[%emt 0:00:52]} 33. Bc7 {[%emt 0:01:59]} Ra1+ {[%emt 0:01:26]} 34. Nd1 {[%emt 0:00:14]} fxg3 {[%emt 0:03:40]} 35. Bxd6+ {[%emt 0:00:06]} Ke8 {[%emt 0:00:06]} 36. Bc5 {[%emt 0:01:09]} Nf4 {[%emt 0:00:05]} 37. Qf3 {[%emt 0:00:41]} Qxh4 {[%emt 0:00:04]} 38. Be3 {[%emt 0:00:35]} Qh2+ {[%emt 0:00:37]} 39. Kf1 {[%emt 0:00:01]} g2+ {[%emt 0:01:58]} 40. Ke1 {[%emt 0:00:00]} Nd3+ {[%emt 0:02:12]} 0-1

[Event "NOR-chT Eliteserien 2018-19"]
[Site "Norway"]
[Date "2019.01.11"]
[Round "4"]
[White "Bern, Ivar"]
[Black "Dahl, Trygve"]
[Result "1-0"]
[WhiteElo "2302"]
[BlackElo "2342"]
[Annotator "ChessBase"]
[PlyCount "105"]
[EventDate "2018.11.02"]
[EventType "team-tourn"]
[EventCountry "NOR"]
[SourceTitle "playchess.com"]
[Source "ChessBase"]
[SourceQuality "1"]
[TimeControl "40/5400+30:1800+30"]

1. c4 {[%emt 0:00:00]} Nf6 {[%emt 0:00:00]} 2. Nc3 {[%emt 0:00:00]} e5 {[%emt 0:00:00]} 3. e3 {[%emt 0:03:35]} Nc6 {[%emt 0:00:15]} 4. a3 {[%emt 0:02:31]} Be7 {[%emt 0:02:35]} 5. b4 {[%emt 0:03:04]} O-O {[%emt 0:09:32]} 6. Bb2 {[%emt 0:01:02]} Re8 {[%emt 0:00:30]} 7. Qb3 {[%emt 0:10:18]} a5 {[%emt 0:18:32]} 8. b5 {[%emt 0:00:38]} Nb8 {[%emt 0:00:05]} 9. Nf3 {[%emt 0:02:31]} d6 {[%emt 0:01:04]} 10. Be2 {[%emt 0:09:24]} Bf8 {[%emt 0:02:18]} 11. O-O {[%emt 0:05:06]} h6 {[%emt 0:16:52]} 12. d4 {[%emt 0:09:54]} exd4 {[%emt 0:00:52]} 13. exd4 {[%emt 0:00:14]} Bf5 {[%emt 0:00:32]} 14. Rfe1 {[%emt 0:02:24]} Nbd7 {[%emt 0:09:03]} 15. Bf1 {[%emt 0:04:15]} Ne4 {[%emt 0:01:33]} 16. Nxe4 {[%emt 0:03:05]} Bxe4 {[%emt 0:00:28]} 17. Nd2 {[%emt 0:01:20]} Bg6 {[%emt 0:02:49]} 18. g3 {[%emt 0:00:56]} Nf6 {[%emt 0:13:06]} 19. Bg2 {[%emt 0:01:36]} d5 {[%emt 0:01:48]} 20. cxd5 {[%emt 0:03:25]} Rxe1+ {[%emt 0:00:14]} 21. Rxe1 {[%emt 0:00:07]} Ne8 {[%emt 0:00:06]} 22. d6 {[%emt 0:10:51]} Nxd6 {[%emt 0:01:00]} 23. a4 {[%emt 0:00:37]} Qd7 {[%emt 0:01:56]} 24. Bc3 {[%emt 0:02:32]} Re8 {[%emt 0:08:38]} 25. Rxe8 {[%emt 0:01:21]} Qxe8 {[%emt 0:00:04]} 26. Bxa5 {[%emt 0:00:18]} Qe1+ {[%emt 0:00:07]} 27. Bf1 {[%emt 0:00:10]} Ne4 {[%emt 0:04:12]} 28. Qe3 {[%emt 0:04:30]} Qxe3 {[%emt 0:00:05]} 29. fxe3 {[%emt 0:00:04]} b6 {[%emt 0:00:07]} 30. Nxe4 {[%emt 0:00:06]} Bxe4 {[%emt 0:00:33]} 31. Bc3 {[%emt 0:00:31]} Bd6 {[%emt 0:00:52]} 32. Bg2 {[%emt 0:01:08]} Bxg2 {[%emt 0:02:20]} 33. Kxg2 {[%emt 0:00:13]} f5 {[%emt 0:00:07]} 34. Kf3 {[%emt 0:01:00]} Kf7 {[%emt 0:01:01]} 35. e4 {[%emt 0:00:12]} fxe4+ {[%emt 0:00:10]} 36. Kxe4 {[%emt 0:00:05]} Ke6 {[%emt 0:00:19]} 37. d5+ {[%emt 0:00:47]} Kf7 {[%emt 0:00:33]} 38. a5 {[%emt 0:00:53]} bxa5 {[%emt 0:00:10]} 39. Bxa5 {[%emt 0:00:07]} g6 {[%emt 0:00:07]} 40. Bd2 {[%emt 0:00:53]} h5 {[%emt 0:01:22]} 41. Bf4 {[%emt 0:31:18]} Ke7 {[%emt 0:06:19]} 42. h4 {[%emt 0:00:00]} Kd7 {[%emt 0:00:17]} 43. Bxd6 {[%emt 0:00:00]} Kxd6 {[%emt 0:02:28]} 44. Kd4 {[%emt 0:00:00]} Ke7 {[%emt 0:00:06]} 45. Ke5 {[%emt 0:00:00]} Kd7 {[%emt 0:00:36]} 46. d6 {[%emt 0:00:00]} cxd6+ {[%emt 0:00:08]} 47. Kd5 {[%emt 0:00:00]} Kc7 {[%emt 0:00:15]} 48. b6+ {[%emt 0:00:00]} Kd7 {[%emt 0:01:15]} 49. b7 {[%emt 0:00:00]} Kc7 {[%emt 0:00:05]} 50. b8=Q+ {[%emt 0:00:00]} Kxb8 {[%emt 0:00:07]} 51. Kxd6 {[%emt 0:00:00]} Kc8 {[%emt 0:00:03]} 52. Ke6 {[%emt 0:00:00]} Kd8 {[%emt 0:01:10]} 53. Kf7 {[%emt 0:00:00]} 1-0

[Event "NOR-chT Eliteserien 2018-19"]
[Site "Norway"]
[Date "2019.01.11"]
[Round "4"]
[White "Hole, Oystein"]
[Black "Tisdall, Jonathan D"]
[Result "0-1"]
[WhiteElo "2299"]
[BlackElo "2400"]
[Annotator "ChessBase"]
[PlyCount "64"]
[EventDate "2018.11.02"]
[EventType "team-tourn"]
[EventCountry "NOR"]
[SourceTitle "playchess.com"]
[Source "ChessBase"]
[SourceQuality "1"]
[TimeControl "40/5400+30:1800+30"]

1. Nf3 {[%emt 0:00:00]} c5 {[%emt 0:00:42]} 2. c4 {[%emt 0:00:00]} b6 {[%emt 0:02:53]} 3. g3 {[%emt 0:00:18]} Bb7 {[%emt 0:00:05]} 4. Bg2 {[%emt 0:00:06]} Nf6 {[%emt 0:00:32]} 5. Nc3 {[%emt 0:00:33]} g6 {[%emt 0:05:06]} 6. O-O {[%emt 0:00:57]} Bg7 {[%emt 0:00:05]} 7. d4 {[%emt 0:02:04]} cxd4 {[%emt 0:00:10]} 8. Qxd4 {[%emt 0:00:12]} d6 {[%emt 0:13:08]} 9. Rd1 {[%emt 0:06:20]} Nbd7 {[%emt 0:00:22]} 10. Qh4 {[%emt 0:02:20]} Rc8 {[%emt 0:06:49]} 11. Be3 {[%emt 0:06:58]} h6 {[%emt 0:12:25]} 12. Rac1 {[%emt 0:07:20]} g5 {[%emt 0:05:19]} 13. Qd4 {[%emt 0:00:47]} O-O {[%emt 0:02:29]} 14. Qd3 {[%emt 0:01:51]} Bxf3 {[%emt 0:01:20]} 15. exf3 {[%emt 0:01:26]} Ne5 {[%emt 0:00:06]} 16. Qe2 {[%emt 0:00:17]} Nxc4 {[%emt 0:03:24]} 17. Bd4 {[%emt 0:03:42]} e5 {[%emt 0:03:30]} 18. Be3 {[%emt 0:00:08]} d5 {[%emt 0:01:43]} 19. f4 {[%emt 0:04:23]} Nxe3 {[%emt 0:03:51]} 20. Qxe3 {[%emt 0:08:11]} exf4 {[%emt 0:02:51]} 21. gxf4 {[%emt 0:00:14]} Re8 {[%emt 0:01:39]} 22. Qd2 {[%emt 0:18:38]} d4 {[%emt 0:01:56]} 23. Nb5 {[%emt 0:01:10]} Ne4 {[%emt 0:06:36]} 24. Rxc8 {[%emt 0:06:40]} Qxc8 {[%emt 0:00:08]} 25. Qd3 {[%emt 0:00:09]} Nc5 {[%emt 0:02:45]} 26. Qd2 {[%emt 0:07:48]} Qd7 {[%emt 0:02:35]} 27. Na3 {[%emt 0:03:24]} Qg4 {[%emt 0:00:25]} 28. fxg5 {[%emt 0:02:52]} Re2 {[%emt 0:00:14]} 29. Qc1 {[%emt 0:00:23]} hxg5 {[%emt 0:06:53]} 30. h3 {[%emt 0:05:30]} Qh4 {[%emt 0:03:38]} 31. Rf1 {[%emt 0:00:03]} d3 {[%emt 0:00:14]} 32. Nc4 {[%emt 0:00:59]} Rc2 {[%emt 0:00:27]} 0-1